<?xml version="1.0" encoding="UTF-8"?>
<collection xmlns="http://www.loc.gov/MARC21/slim">
 <record>
  <leader>04266nam a2200469 i 4500</leader>
  <controlfield tag="001">000663066</controlfield>
  <controlfield tag="003">StDuBDS</controlfield>
  <controlfield tag="005">20200118113240.0</controlfield>
  <controlfield tag="006">m||||||||d||||||||</controlfield>
  <controlfield tag="007">cr |||||||||||</controlfield>
  <controlfield tag="008">151123s2016    enk    fob    001|0|eng|d</controlfield>
  <datafield tag="STA" ind1=" " ind2=" ">
   <subfield code="a">NEZPRACOVANÝ IMPORT</subfield>
  </datafield>
  <datafield tag="020" ind1=" " ind2=" ">
   <subfield code="a">9780191774263 (ebook) :</subfield>
   <subfield code="c">No price</subfield>
  </datafield>
  <datafield tag="050" ind1=" " ind2="4">
   <subfield code="a">RA971</subfield>
  </datafield>
  <datafield tag="082" ind1="0" ind2="4">
   <subfield code="a">362.1068</subfield>
   <subfield code="2">23</subfield>
  </datafield>
  <datafield tag="245" ind1="0" ind2="4">
   <subfield code="a">The Oxford handbook of health care management /</subfield>
   <subfield code="c">edited by Ewan Ferlie, Kathleen Montgomery, and Anne Reff Pedersen.</subfield>
  </datafield>
  <datafield tag="246" ind1="3" ind2="0">
   <subfield code="a">Handbook of health care management</subfield>
  </datafield>
  <datafield tag="246" ind1="3" ind2="0">
   <subfield code="a">Health care management</subfield>
  </datafield>
  <datafield tag="264" ind1=" " ind2="1">
   <subfield code="a">Oxford :</subfield>
   <subfield code="b">Oxford University Press,</subfield>
   <subfield code="c">2016.</subfield>
  </datafield>
  <datafield tag="300" ind1=" " ind2=" ">
   <subfield code="a">1 online resource.</subfield>
  </datafield>
  <datafield tag="336" ind1=" " ind2=" ">
   <subfield code="a">text</subfield>
   <subfield code="2">rdacontent</subfield>
  </datafield>
  <datafield tag="337" ind1=" " ind2=" ">
   <subfield code="a">computer</subfield>
   <subfield code="2">rdamedia</subfield>
  </datafield>
  <datafield tag="338" ind1=" " ind2=" ">
   <subfield code="a">online resource</subfield>
   <subfield code="2">rdacarrier</subfield>
  </datafield>
  <datafield tag="490" ind1="1" ind2=" ">
   <subfield code="a">Oxford handbooks online</subfield>
  </datafield>
  <datafield tag="504" ind1=" " ind2=" ">
   <subfield code="a">Includes bibliographical references and index.</subfield>
  </datafield>
  <datafield tag="505" ind1="0" ind2="0">
   <subfield code="t">Institutionalization and professionalization /</subfield>
   <subfield code="r">Trish Reay, Elizabeth Goodrick, Bob Hinings --</subfield>
   <subfield code="t">Narratives of Health Policy /</subfield>
   <subfield code="r">Graeme Currie, Graham Martin --</subfield>
   <subfield code="t">A New Lens on Organizational Innovations in Health Care /</subfield>
   <subfield code="r">Stephen Shortell, Rachael Addicott --</subfield>
   <subfield code="t">Culture in Health Care Organizations /</subfield>
   <subfield code="r">Russell Mannion, Huw Davies --</subfield>
   <subfield code="t">The Critical Health Care Management Domain /</subfield>
   <subfield code="r">Martin Kitchener, Richard Thomas --</subfield>
   <subfield code="t">Interprofessional Interactions and their Impact on Professional Boundaries /</subfield>
   <subfield code="r">Louise Fitzgerald --</subfield>
   <subfield code="t">Effective Team Working in Health Care /</subfield>
   <subfield code="r">Michael A. West, Lynn Markiewicz --</subfield>
   <subfield code="t">Re-humanizing Health Care /</subfield>
   <subfield code="r">Cheryl Rathert, Timothy J. Vogus, Laura McClelland --</subfield>
   <subfield code="t">A Discursive Approach to Organizational Health Communication /</subfield>
   <subfield code="r">Peter Kjær, Anne Reff Pedersen, Anja Svejgaard Pors --</subfield>
   <subfield code="t">Health Care Transparency in Organizational Perspective /</subfield>
   <subfield code="r">Charlotta Levay --</subfield>
   <subfield code="t">Clinical Ethics Support in Contemporary Health Care /</subfield>
   <subfield code="r">Evan Doran, Ian Kerridge, Christopher Jordens, Ainsley J. Newson --</subfield>
   <subfield code="t">Plural Leadership in Health Care Organizations /</subfield>
   <subfield code="r">Viviane Sergi, Mariline Comeau-Vallée, Maria Lusiani, Jean-Louis Denis, Ann Langley --</subfield>
   <subfield code="t">Patient Safety and Quality /</subfield>
   <subfield code="r">Jeffrey Braithwaite, Liam Donaldson --</subfield>
   <subfield code="t">Mobilizing Knowledge in Health Care /</subfield>
   <subfield code="r">Huw Davies, Alison Powell, Sandra Nutley --</subfield>
   <subfield code="t">The Paradox of Health Care Performance Measurement and Management /</subfield>
   <subfield code="r">Jenny M. Lewis --</subfield>
   <subfield code="t">Implementing E-Health /</subfield>
   <subfield code="r">Bill Doolin --</subfield>
   <subfield code="t">Communities of Practice and Situated Learning in Health Care /</subfield>
   <subfield code="r">Davide Nicolini, Harry Scarbrough, Julia Gracheva --</subfield>
   <subfield code="t">Accountability in Health Care /</subfield>
   <subfield code="r">Haldor Byrkeflot, Karsten Vrangbaek --</subfield>
   <subfield code="t">Pharmaceuticals, Money, and the Health Care Organizational Field /</subfield>
   <subfield code="r">Wendy Lipworth --</subfield>
   <subfield code="t">Management Consulting in Health /</subfield>
   <subfield code="r">Ian Kirkpatrick, Chris Lonsdale, Indraneth Neogy --</subfield>
   <subfield code="t">Re-placing Care /</subfield>
   <subfield code="r">Roland Bal, Lieke Oldenhof, Jeroen Postma.</subfield>
  </datafield>
  <datafield tag="520" ind1="8" ind2=" ">
   <subfield code="a">The Handbook provides an authoritative overview of current issues and debates in the field of health care management. It contains over twenty chapters from well known and eminent academic authors internationally, selected for their expertise and asked to provide a broad and critical overview of developments in their particular topic area. The development of an international perspective and body of knowledge is a key feature of the book. The Handbook secondly makes a case for bringing back a social science perspective into the study of the field of health care management. It therefore contains a number of contrasting and theoretically orientated chapters (e.g. on institutionalism; critical management studies).</subfield>
  </datafield>
  <datafield tag="521" ind1=" " ind2=" ">
   <subfield code="a">Specialized.</subfield>
  </datafield>
  <datafield tag="588" ind1=" " ind2=" ">
   <subfield code="a">Description based on online resource; title from home page (viewed on May 27, 2016).</subfield>
  </datafield>
  <datafield tag="650" ind1=" " ind2="0">
   <subfield code="a">Health services administration.</subfield>
  </datafield>
  <datafield tag="700" ind1="1" ind2=" ">
   <subfield code="a">Ferlie, Ewan,</subfield>
   <subfield code="d">1956-</subfield>
   <subfield code="e">editor.</subfield>
  </datafield>
  <datafield tag="700" ind1="1" ind2=" ">
   <subfield code="a">Montgomery, Kathleen,</subfield>
   <subfield code="d">1946-</subfield>
   <subfield code="e">editor.</subfield>
  </datafield>
  <datafield tag="700" ind1="1" ind2=" ">
   <subfield code="a">Reff Pedersen, Anne,</subfield>
   <subfield code="d">1970-</subfield>
   <subfield code="e">editor.</subfield>
  </datafield>
  <datafield tag="776" ind1="0" ind2="8">
   <subfield code="i">Print version :</subfield>
   <subfield code="z">9780198705109</subfield>
  </datafield>
  <datafield tag="830" ind1=" " ind2="0">
   <subfield code="a">Oxford handbooks online.</subfield>
  </datafield>
  <datafield tag="856" ind1="4" ind2="0">
   <subfield code="3">Oxford handbooks online</subfield>
   <subfield code="u">http://dx.doi.org/10.1093/oxfordhb/9780198705109.001.0001</subfield>
   <subfield code="y">Plný text</subfield>
  </datafield>
  <datafield tag="856" ind1="4" ind2="2">
   <subfield code="u">https://knihovna.vse.cz/zdroje/oxford-handbooks-online-scholarly-research-reviews/?info</subfield>
   <subfield code="y">Informace o práci s e-knihami</subfield>
  </datafield>
  <datafield tag="BAS" ind1=" " ind2=" ">
   <subfield code="a">OXFORD</subfield>
  </datafield>
  <datafield tag="BAS" ind1=" " ind2=" ">
   <subfield code="a">EB</subfield>
  </datafield>
  <datafield tag="993" ind1=" " ind2=" ">
   <subfield code="x">NEPOSILAT</subfield>
   <subfield code="y">EB</subfield>
  </datafield>
 </record>
</collection>
